Chinas Challenge to EU Soft Power in Central Europe
Pokus Číny rozšíriť svoju mäkkú silu v strednej Európe. Prekážky, ktorým čelí čínska mäkká sila v regióne. Problémy mäkkej sily EÚ v regióne, ktoré by Čína mohla využiť.
Uložené v:
| Hlavný autor: | |
|---|---|
| Médium: | Kapitola |
| Jazyk: | English |
| Predmet: | |
| Tagy: |
Žiadne tagy, Buďte prvý, kto otaguje tento záznam!
|
MARC
| LEADER | 00000naa$a2200000$$$4500 | ||
|---|---|---|---|
| 001 | 0270921 | ||
| 005 | 20240502083817.4 | ||
| 041 | 0 | |a eng | |
| 044 | |a UA | ||
| 245 | 1 | 0 | |a Chinas Challenge to EU Soft Power in Central Europe |c Juraj Ondriaš |
| 520 | |a Pokus Číny rozšíriť svoju mäkkú silu v strednej Európe. Prekážky, ktorým čelí čínska mäkká sila v regióne. Problémy mäkkej sily EÚ v regióne, ktoré by Čína mohla využiť. | ||
| 610 | 2 | 0 | |a Čína |
| 610 | 2 | 0 | |a Európa |
| 610 | 2 | 0 | |a vzťahy medzinárodné |
| 610 | 2 | 0 | |a spolupráca medzinárodná |
| 100 | 1 | |a Ondriaš, Juraj, 1988- | |